|
|
|
|
| LEADER |
01385pam a22003378a 4500 |
| 001 |
00040156 |
| 005 |
20171115091153.0 |
| 008 |
131212s2011 ||||||viesd |
| 020 |
# |
# |
|c 61000
|a 978 604 57 2582 5
|
| 041 |
0 |
# |
|a vie
|
| 082 |
1 |
4 |
|a 327.730 51
|b QU105H
|
| 245 |
1 |
0 |
|a Quan hệ Mỹ - Trung
|b Hợp tác và cạnh tranh luận giải dưới góc độ cân bằng quyền lực. Sách tham khảo
|c Nguyễn Thái Yên Hương (ch.b); Lê Hải Bình, Lại Thái Bình,..[và những người khác]
|
| 260 |
# |
# |
|a Hà Nội
|c 2017
|b Chính trị quốc gia
|
| 300 |
# |
# |
|a 304 tr.
|c 21 cm.
|
| 500 |
# |
# |
|a ĐTTS ghi: Học viện Ngoại giao
|
| 504 |
# |
# |
|a Thư mục: tr. 289-300
|
| 653 |
# |
# |
|a Mỹ
|
| 653 |
# |
# |
|a Chính trị quốc tế
|
| 653 |
# |
# |
|a Quan hệ ngoại giao
|
| 653 |
# |
# |
|a Trung Quốc
|
| 653 |
# |
# |
|a Quyền lực
|
| 700 |
1 |
# |
|a Lê, Hải Bình
|
| 700 |
1 |
# |
|a Lại, Thái Bình
|
| 700 |
1 |
# |
|a Nguyễn, Thanh Hải
|
| 700 |
1 |
# |
|a Nguyễn, Thái Yên Hương
|e Chủ biên
|
| 700 |
1 |
# |
|a Đoàn, Khắc Việt
|
| 852 |
# |
# |
|b Kho đọc
|j KD.0015106
|
| 852 |
# |
# |
|j KM.0016323, KM.0016324, KM.0016325, KM.0016326
|b Kho mượn
|
| 852 |
# |
# |
|j KD.0022677
|j KM.0023338
|
| 910 |
|
|
|d 15/11/2017
|
| 980 |
# |
# |
|a Trung tâm Học liệu Lê Vũ Hùng, Trường Đại học Đồng Tháp
|